01979cam a22002414a 450000500170000000800390001702000150005602000180007104000500008904100080013906000110014724500670015826000660022530000580029150400530034950511090040265000170151165000140152865000210154265000250156370000330158885601160162120180313060543.0140520s2007 enkad frb 001 0 eng a0470025425 a9780470025420 aCO-BoUCMbspacJose A. GerenadJose A. Gerena aeng 4aWB 46000aRecent advances in physiotherapyceditado por Cecily Partridge aChichester (West Sussex, Inglaterra)bJohn Wiley & Sonsc2007 axi, 255 páginasbilustraciones, cuadros, gráficas aIncluye referencias bibliográficas e índices0 aPhysiotherapy and the adult with non-cystic fibrosis bronchiectasis / Jennifer A. Pryor -- Coordinated management of a patient in ICU with cardiorespiratory failure / Elizabeth Dean -- Abdominal surgery : the evidence for physiotherapy intervention / Linda Denehy & Laura Browning -- Practice and feedback for training rach-to-grasp in a patient / Paulette M. Van Vliet & Katherine Durham -- Improving walking after stroke using a treadmill / Louise Ada and Catherine M. Dean -- Treatment of the upper limb following stroke : a critical evaluation of constraint induced movement / Martine Nadler -- An introduction to current concepts of pain / Lester Jones -- Non-specific arm pain / Lester Jones-- Recurrent lumbar pain after failed spinal surgery / Lester Jones & Audrey Wang -- Evidence for exercise and self-management interventions for lower limb osteoarthritis / Nicola Walsh -- Using evidence-based practice for upper extremity musculoskeletal disorders / Joy C. MacDermid -- Physiotherapy rehabilitation following primary total knee arthroplasty / Justine Naylor, Alison Harmer & Richard Walker. 7aFisioterapia 7aOrtopedia 7aRehabilitación 7aTerapia respiratoria1 aPartridge, Cecily J.eeditor413Consulte las tablas de contenido haciendo clic aquíuhttp://catdir.loc.gov/catdir/toc/ecip072/2006032511.html